| 000 | 00444cam a2200181ua 4500 | ||
|---|---|---|---|
| 020 | _c60.00 | ||
| 041 |
_aeng _h |
||
| 082 |
_a515.9 _bSHA/FU |
||
| 100 | _aSharma, J N . | ||
| 245 |
_aFunctions of a complex variable / _cJ N Sharma. _hTextual Documents |
||
| 250 |
_a25 / _b. |
||
| 260 |
_aMeerut : _bKrishna Prakashan Mandir , _c1993. |
||
| 300 | _a582 ; . | ||
| 365 | _a60.00 | ||
| 504 | _a | ||
| 942 | _cBK | ||
| 999 |
_c2930 _d2930 |
||